Responses for Show #3211 - Monday, July 13, 1998

Contestants

[<< previous game]

Marguerite Hester, a computer trainer from Raleigh, North Carolina

Mike Kelley, a high school physics teacher from Newburgh, Indiana

Roxanne Crocco, a graduate student from Powell, Ohio (whose 1-day cash winnings total $12,200)

[next game >>]

Jeopardy! Round responses

DOWN UNDER
POP MUSIC
BERKELEY IN THE '60s
(Alex: Some of us are old enough to remember.)
CLIFFS NOTES
MATTHEWS
MULTIPLE MEANINGS
    $100 6
boomerangs

Mike
    $100 3
Bruce Springsteen

Mike
    $100 20
the Vietnam War

Mike
    $100 14
War and Peace

Roxanne
    $100 16
Matt LeBlanc (or Matthew Perry)

Roxanne
    $100 1
top

Roxanne
    $200 8
the platypus

Mike
    $200 4
"I Feel Fine"

Roxanne
    $200 26
Ronald Reagan

Roxanne
    $200 15
(Mike: What is The Inferno?)
(Marguerite: What is Dante's Inferno?)

The Divine Comedy

MikeMarguerite
Triple Stumper
    $200 17
Matthew McConaughey

Roxanne
    $200 2
palm

Mike
    $300 12
(Mike: What is Melbourne?)

Canberra

RoxanneMike
    $300 5
the Bee Gees

Marguerite
    $300 27
the Free Speech Movement

Roxanne
    $300 23
(Alex: We have about a minute to go.)

Who's Afraid of Virginia Woolf?

Roxanne
    $300 18
Matthew Fox

Triple Stumper
    $300 10
squash

Roxanne
    $400 21
the Great Barrier Reef

Mike
    $400 7
"Tie A Yellow Ribbon Round The Ole Oak Tree"

Marguerite
    $400 28
mutilate

Mike
    $1,000 24
Madame Bovary

Roxanne
    $400 19
Matthew Modine

Marguerite
    $400 11
gross

Mike
    $500 22
wineries

Mike
    $500 9
The Righteous Brothers

Mike
    $500 29
[The end-of-round signal sounds.]

the House Un-American Activities Committee

Triple Stumper
    $500 25
(Roxanne: What is... uh, aaah!)

The Great Gatsby

RoxanneMarguerite
    $500 13
grave

Mike

Scores at the first commercial break (after clue 15):

Roxanne Mike Marguerite
$1,000 $1,500 $500

Scores at the end of the Jeopardy! Round:

Roxanne Mike Marguerite
$2,600 $2,900 $1,400

Double Jeopardy! Round responses

AFRICAN HISTORY
ASTRONOMY
THE MOVIES
WHERE ARE THEY NOW?
SAY WHAT?
THE END OF THE LINE
    $200 26
Addis Ababa

Mike
    $200 12
Solar eclipse

Marguerite
    $200 1
Harrison Ford

Marguerite
    $200 13
Grace Kelly

Mike
    $200 6
Chinese

Roxanne
    $200 25
"I don't give a damn"

Marguerite
    $400 27
Slavery

Mike
    $400 11
Extraterrestrial Intelligence

Mike
    $400 2
Boris Karloff

Marguerite
    $400 21
Jacqueline Kennedy Onassis

Roxanne
    $400 7
Cornish

Mike
    $400 14
"One flew over the cuckoo's nest"

Roxanne
    $600 28
Apartheid

Mike
    $600 10
Uranus

Triple Stumper
    $600 3
The Jungle Book

Mike
    $600 22
Jim Morrison

Roxanne
    $600 20
Old Norse

Mike
    $600 15
"Sting like a bee"

Mike
    $800 29
(Mike: Who was Schweitzer?)

David Livingstone

RoxanneMike
    $3,000 9
Andromeda

Mike
    $800 4
Jerry Lewis

Marguerite
    $800 23
Henry David Thoreau

Mike
    $800 18
Albanian

Triple Stumper
    $800 16
"And your little dog too!"

Roxanne
    $800 30
(Roxanne: What is the Nile?)

Volta

Roxanne
    $1000 8
Mars

Mike
    $1000 5
How the West Was Won

Marguerite
    $1000 24
John Keats

Triple Stumper
    $1000 19
Click (for the exclamation mark)

Mike
    $1000 17
"So goes the nation"

Roxanne

Scores at the end of the Double Jeopardy! Round:

Roxanne Mike Marguerite
$6,000 $11,900 $4,200

[wagering suggestions for these scores]

Final Jeopardy! Round responses

LITERARY TOURISM
MargueriteWhat
$1,701
RoxanneWhat is Angela's Ashes?
$6,000
MikeWhat is Angela's Ashes?
$3,400
"Angela's Ashes"

Final scores:

Roxanne Mike Marguerite
$12,000 $15,300 $2,499
2nd place: Trip to the Hilton at Short Hills Hotel & Spa, New Jersey New champion: $15,300 3rd place: Pair of Jaguar Friendship Watches

Game dynamics:

Coryat scores:

Roxanne Mike Marguerite
$6,200 $9,700 $4,200
18 R
(including 1 DD),
2 W
(including 1 DD)
24 R
(including 1 DD),
3 W
10 R,
1 W

Combined Coryat: $20,100

[game clues] [game scores] [suggest correction]

Game tape date: 1998-04-14
The J! Archive is created by fans, for fans. Scraping, republication, monetization, and malicious use prohibited; this site may use cookies and collect identifying information. See terms. The Jeopardy! game show and all elements thereof, including but not limited to copyright and trademark thereto, are the property of Jeopardy Productions, Inc. and are protected under law. This website is not affiliated with, sponsored by, or operated by Jeopardy Productions, Inc. Join the discussion at JBoard.tv.